00402nam a22001457a 450000500170000000800410001702000130005804100120007108200120008310000120009524500430010726000470015030000330019765000260023020240228142045.0240228b |||||||| |||| 00| 0 eng d a10233806 aEnglish a349 BUT lEnglish aButterworths Law Reports : Labour Law  aDurban : bLexisNexis Butterworth, c2005  bxviii, 114 pages ; c25 cm.  aLegal practice bLaw